| 000 | 00765nam a2200229 i 4500 | ||
|---|---|---|---|
| 001 | 64569 | ||
| 003 | ES-MaACL | ||
| 005 | 20250718234743.0 | ||
| 007 | t| | ||
| 008 | 031229s1977 sp |||| | spa d | ||
| 020 | _a84-7196-034-6 | ||
| 100 | 1 |
_aFontana, Josep, _d1931-2018 _951600 |
|
| 245 | 1 | 3 |
_aLa revolución liberal _b: política y hacienda en 1833-1845 / _cpor José Fontana Lázaro. |
| 260 |
_a[Madrid] : _bInstituto de Estudios Fiscales, _c[1977] |
||
| 300 |
_a377 p. ; _c19 cm. |
||
| 504 | _aBibliografía: p. 347-377. | ||
| 650 | 0 | 0 |
_aHacienda pública- _zEspaña- _yS.XIX _9227084 |
| 651 | 7 |
_aEspaña- _xHistoria- _yS.XIX _2 _9142005 |
|
| 710 | 2 |
_aInstituto de Estudios Fiscales (España) _9169207 |
|
| 852 |
_aES-MaACL _jL-6642 |
||
| 999 |
_c64569 _d64569 |
||